| 000 | 01631cam a22003371i 4500 | ||
|---|---|---|---|
| 003 | SA-RiAUC | ||
| 005 | 20250326125354.0 | ||
| 008 | 250326s1978 jo g 000 0 ara c | ||
| 040 |
_aJO-IrYU _bara _cSA-RiAUC _erda |
||
| 082 | 0 | 4 | _a258.2 |
| 090 |
_a258.2 _b ر هـ و |
||
| 100 | 1 |
_aالرهوني، محمد بن أحمد بن محمد، _d1159-1230 هجري _eمؤلف. |
|
| 245 | 1 | 0 | _aحاشية الإمام الرهوني على شرح الزرقاني لمختصر خليل. وبهامشه حاشية المدني علي كنون. |
| 250 | _aالطبعة الأولى. | ||
| 264 | 1 |
_aعمان، الأردن ؛ _aبيروت : _bدار الفكر، _c1978 |
|
| 300 |
_a8 مجلد ؛ _c24 سم |
||
| 336 |
_aنص _btxt _2rdacontent _3كتاب |
||
| 337 |
_aبدون وسيط _bn _2rdamedia |
||
| 338 |
_aمجلد _bnc _2rdacarrier |
||
| 650 | 7 |
_aالفقه المالكي _2aucsh |
|
| 650 | 7 |
_aالفقه الإسلامي _xمذاهب _2aucsh |
|
| 700 | 1 | 2 |
_aالزرقاني، محمد بن عبد الباقي بن يوسف، _d1055-1122 هجري |
| 700 | 0 | 2 |
_aخليل بن إسحاق بن موسى الجندي، _cالشيخ، _dتوفي 776 هجري _tمختصر خليل. |
| 700 | 1 | 2 |
_aبن المدني جنون، محمد بن المدني بن علي، _dتوفي 1302 هجري _tحاشية المدني علي كنون. |
| 740 | 0 | 2 | _aحاشية المدني علي كنون. |
| 740 | 0 | 2 | _aشرح الزرقاني على مختصر سيدي خليل. |
| 740 | 0 | 2 | _aمختصر خليل. |
| 942 |
_2ddc _cBOOK _n0 |
||
| 949 |
_aSA-JeALM _d250326 _ueid123 _n1 |
||
| 999 |
_c6648 _d6648 |
||